[Event "Johor op-B 7th"]
[Site "Johor"]
[Date "2022.12.26"]
[Round "1"]
[White "Alidani, Leonardo"]
[Black "Mai, Duc Kien"]
[Result "1-0"]
[WhiteElo "1848"]
[BlackElo "1150"]
[PlyCount "115"]
[EventDate "2022.12.26"]
[EventType "swiss"]
[EventRounds "9"]
[EventCountry "MAS"]
[SourceTitle "EXT 2024"]
[Source "ChessBase"]
[SourceDate "2023.10.10"]
[SourceVersion "1"]
[SourceVersionDate "2023.10.10"]
[SourceQuality "1"]

1. e4 c5 2. Nf3 d6 3. d4 cxd4 4. Nxd4 Nf6 5. Nc3 g6 6. Bc4 Bg7 7. h3 Nc6 8. Be3 Bd7 9. Qd2 a6 10. Bb3 b5 11. a3 Rb8 12. 0-0 0-0 13. Rfd1 Na5 14. Bh6 Nxb3 15. cxb3 Qb6 16. b4 Qb7 17. Bxg7 Kxg7 18. Qe3 Rbc8 19. Rac1 Rc4 20. f3 Rfc8 21. Nb3 R4c7 22. e5 dxe5 23. Qxe5 Qb6+ 24. Nc5 Be6 25. Kh1 Kg8 26. Re1 Nd7 27. Nxd7 Rxd7 28. Na4 Qd8 29. Rxc8 Qxc8 30. Nb6 Qc7 31. Nxd7 Qxd7 32. h4 h5 33. Re4 Qd1+ 34. Kh2 Qd7 35. Qc5 Qd6+ 36. Qxd6 exd6 37. Rd4 d5 38. Kg3 Kf8 39. Kf4 f6 40. g4 Ke7 41. g5 fxg5+ 42. Kxg5 Kf7 43. Rd2 Bf5 44. Rxd5 Ke6 45. Rc5 Kd6 46. f4 Kd7 47. Rxf5 gxf5 48. Kxf5 Ke7 49. Kg6 Kf8 50. f5 Kg8 51. f6 Kf8 52. Kxh5 Kf7 53. Kg5 Kf8 54. Kg6 Kg8 55. h5 Kf8 56. h6 Ke8 57. f7+ Ke7 58. h7 1-0

[Event "Penang op-B 14th"]
[Site "Penang"]
[Date "2022.12.20"]
[Round "3"]
[White "Teoh, Ban Tat"]
[Black "Alidani, Leonardo"]
[Result "0-1"]
[WhiteElo "1264"]
[BlackElo "1848"]
[PlyCount "66"]
[EventDate "2022.12.19"]
[EventType "swiss"]
[EventRounds "9"]
[EventCountry "MAS"]
[SourceTitle "EXT 2024"]
[Source "ChessBase"]
[SourceDate "2023.10.10"]
[SourceVersion "1"]
[SourceVersionDate "2023.10.10"]
[SourceQuality "1"]

1. d4 Nf6 2. c4 e6 3. Nc3 d5 4. cxd5 exd5 5. Bg5 Be7 6. e3 0-0 7. Bd3 h6 8. Bh4 c6 9. Qc2 Nbd7 10. Nge2 Re8 11. 0-0-0 b5 12. Bg3 a5 13. Nxb5 Ba6 14. Nc7 Bxd3 15. Qxd3 c5 16. Nxa8 c4 17. Qc2 Qxa8 18. Nc3 Bb4 19. a3 Bf8 20. Nb5 Qc6 21. a4 Ne4 22. Rde1 Nb6 23. f3 Nxg3 24. hxg3 Rb8 25. Nc3 Bb4 26. Re2 Bxc3 27. Qxc3 Nxa4 28. Qa3 Rb3 29. Qa1 c3 30. bxc3 Rxc3+ 31. Kd1 Qc4 32. Qb1 Rb3 33. Qc2 Nc3+ 0-1

[Event "Olongapo City Puregold op-B"]
[Site "Olongapo City"]
[Date "2015.11.20"]
[Round "7"]
[White "Bautista, Joshua"]
[Black "Alidani, Leonardo"]
[Result "1/2-1/2"]
[WhiteElo "2037"]
[BlackElo "1954"]
[PlyCount "113"]
[EventDate "2015.11.17"]
[EventType "swiss"]
[EventRounds "9"]
[EventCountry "PHI"]
[SourceTitle "EXT 2017"]
[Source "ChessBase"]
[SourceDate "2016.10.25"]
[SourceVersion "1"]
[SourceVersionDate "2016.10.25"]
[SourceQuality "1"]

1. e4 c6 2. d4 d5 3. exd5 cxd5 4. Bd3 Nc6 5. c3 Nf6 6. Bf4 e6 7. Nf3 Bd6 8. Bxd6 Qxd6 9. 0-0 0-0 10. Re1 a6 11. Nbd2 Re8 12. Ne5 Ne7 13. Ndf3 Ng6 14. h4 Qc7 15. Ng5 Re7 16. Bc2 Nf8 17. Re3 h6 18. Nh3 N6d7 19. g4 Nxe5 20. dxe5 b5 21. g5 h5 22. Qxh5 d4 23. Re2 g6 24. Qg4 dxc3 25. bxc3 Qxc3 26. Rae1 Bb7 27. h5 Rc8 28. Be4 Rc4 29. f4 Bxe4 30. Rxe4 Rxe4 31. Rxe4 Qa1+ 32. Kh2 Qxa2+ 33. Re2 Qc4 34. Nf2 gxh5 35. Qf3 Qc1 36. Ne4 Ng6 37. Nf6+ Kg7 38. Nxh5+ Kf8 39. Rf2 Rc7 40. Qd3 Rc8 41. Qd6+ Kg8 42. Qxa6 Qc6 43. Qxc6 Rxc6 44. Rb2 Rb6 45. Nf6+ Kg7 46. Rb4 Ne7 47. Ne8+ Kg6 48. Nd6 Nd5 49. f5+ exf5 50. Rxb5 Rxb5 51. Nxb5 Kxg5 52. Kg3 Kg6 53. Nd6 Nc7 54. Kf4 Ne6+ 55. Kf3 Ng7 56. Kf4 Ne6+ 57. Kf3 1/2-1/2

[Event "Olongapo City Puregold op-B"]
[Site "Olongapo City"]
[Date "2015.11.18"]
[Round "4"]
[White "Alidani, Leonardo"]
[Black "Salcedo, John Estrada"]
[Result "1-0"]
[WhiteElo "1954"]
[BlackElo "1875"]
[PlyCount "133"]
[EventDate "2015.11.17"]
[EventType "swiss"]
[EventRounds "9"]
[EventCountry "PHI"]
[SourceTitle "EXT 2017"]
[Source "ChessBase"]
[SourceDate "2016.10.25"]
[SourceVersion "1"]
[SourceVersionDate "2016.10.25"]
[SourceQuality "1"]

1. e4 c5 2. Nf3 Nc6 3. d4 cxd4 4. Nxd4 Nf6 5. Nc3 d6 6. Be2 g6 7. Be3 Bg7 8. f3 0-0 9. Qd2 d5 10. Nxc6 bxc6 11. e5 Nd7 12. f4 e6 13. h4 a6 14. h5 c5 15. Bf2 Qa5 16. Rd1 d4 17. Ne4 Qxd2+ 18. Rxd2 Bb7 19. Bf3 Rab8 20. c3 Bxe4 21. Bxe4 f5 22. Bf3 dxc3 23. bxc3 Rbd8 24. h6 Bh8 25. 0-0 Nxe5 26. Rfd1 Nxf3+ 27. gxf3 Rxd2 28. Rxd2 c4 29. Rd6 e5 30. Rxa6 exf4 31. Rc6 Bxc3 32. Rxc4 Bd2 33. Kg2 Be3 34. Be1 Ra8 35. a4 Ra7 36. a5 Kf7 37. Rc6 g5 38. Bc3 g4 39. a6 g3 40. Be5 Ke8 41. Bb8 Rd7 42. Rc8+ Ke7 43. Rc7 Rxc7 44. Bxc7 Kd7 45. Bxf4 Bc5 46. Kxg3 Kc6 47. Bb8 Bf8 48. Bf4 Kb6 49. Kh4 Be7+ 50. Bg5 Bd6 51. Be3+ Kxa6 52. Kg5 Kb7 53. Kxf5 Kc8 54. Ke6 Bg3 55. Kf7 Kd7 56. f4 Be1 57. f5 Bc3 58. Bg5 Bb2 59. Bf6 Bc1 60. Bg7 Bg5 61. f6 Bh4 62. Kg8 Ke6 63. f7 Be7 64. f8Q Bxf8 65. Bxf8 Kf6 66. Kxh7 Kf7 67. Bg7 1-0

[Event "Manila PSC Cup"]
[Site "Manila"]
[Date "2013.01.20"]
[Round "9"]
[White "Polao, Ben"]
[Black "Alidani, Leonardo"]
[Result "0-1"]
[WhiteElo "2091"]
[BlackElo "1969"]
[PlyCount "86"]
[EventDate "2013.01.14"]
[EventType "swiss"]
[EventRounds "9"]
[EventCountry "PHI"]
[SourceTitle "EXT 2014"]
[Source "ChessBase"]
[SourceDate "2013.11.20"]
[SourceVersion "1"]
[SourceVersionDate "2013.11.20"]
[SourceQuality "1"]

1. e4 c5 2. Nc3 d6 3. Bb5+ Bd7 4. Bxd7+ Qxd7 5. f4 Nc6 6. Nf3 g6 7. d3 Bg7 8. 0-0 h5 9. Qe1 Nd4 10. Nxd4 cxd4 11. Ne2 h4 12. h3 Rc8 13. c4 dxc3 14. bxc3 Qb5 15. d4 Nf6 16. e5 Ne4 17. exd6 Nxd6 18. Ba3 Nf5 19. Rf3 Rc6 20. Qd2 Re6 21. Re1 0-0 22. Qd3 Qa5 23. Bc1 Qxa2 24. Bd2 Rc8 25. Rff1 Qd5 26. Ra1 a6 27. Rfb1 b5 28. Rb2 Rcc6 29. Rab1 Nd6 30. Ra1 Nc4 31. Rba2 Rcd6 32. Kf2 Bf6 33. Ng1 a5 34. Nf3 a4 35. Bc1 Rd8 36. Re2 Rxe2+ 37. Qxe2 e6 38. Ne5 Nd6 39. Bb2 Rc8 40. Nd7 Ne4+ 41. Qxe4 Qxd7 42. Qe3 b4 43. Rb1 bxc3 0-1

[Event "Manila PSC Cup"]
[Site "Manila"]
[Date "2013.01.19"]
[Round "8"]
[White "Alidani, Leonardo"]
[Black "Calvelo, Jelvis"]
[Result "1/2-1/2"]
[WhiteElo "1969"]
[BlackElo "2059"]
[PlyCount "136"]
[EventDate "2013.01.14"]
[EventType "swiss"]
[EventRounds "9"]
[EventCountry "PHI"]
[SourceTitle "CBM 152 Extra"]
[Source "ChessBase"]
[SourceDate "2013.02.25"]
[SourceVersion "1"]
[SourceVersionDate "2013.02.25"]
[SourceQuality "1"]

1. e4 e6 2. d4 d5 3. e5 c5 4. c3 Qd7 5. f4 b6 6. Nf3 Ba6 7. Bxa6 Nxa6 8. 0-0 Nh6 9. Kh1 Nb8 10. Be3 Qb5 11. b3 Nc6 12. Bg1 cxd4 13. a4 Qa6 14. Nxd4 Nxd4 15. Bxd4 Rc8 16. b4 Nf5 17. Bg1 h5 18. Rf3 h4 19. Rh3 Qc4 20. a5 d4 21. axb6 axb6 22. Nd2 Qc6 23. cxd4 Bxb4 24. Rb1 Bxd2 25. Qxd2 Rh6 26. Rbb3 Kf8 27. Rbc3 Qd7 28. Rxc8+ Qxc8 29. d5 exd5 30. Qxd5 Kg8 31. Qd1 Qc4 32. Qf3 Qc2 33. Qa8+ Kh7 34. Qd5 Rg6 35. Qd3 Qxd3 36. Rxd3 Rg4 37. Rf3 b5 38. Bc5 Kg6 39. Bf2 Kh5 40. h3 Ng3+ 41. Kh2 Rg6 42. Rb3 Ne4 43. Bd4 Rg3 44. Rxb5 Kg6 45. Rb7 Rd3 46. Bg1 Rd1 47. f5+ Kh5 48. Rb8 Ng3 49. Rh8+ Kg5 50. e6 fxe6 51. fxe6 Re1 52. e7 Rxe7 53. Bf2 Nf5 54. Ra8 Re2 55. Bb6 Rc2 56. Ra5 Kg6 57. Bg1 Rc1 58. Bf2 Rf1 59. Bg1 Ng3 60. Ra6+ Kh5 61. Ra5+ g5 62. Re5 Kg6 63. Re8 Rb1 64. Rg8+ Kf5 65. Rf8+ Ke6 66. Re8+ Kf7 67. Re5 Kf6 68. Re8 Kg6 1/2-1/2

[Event "Manila PSC Cup"]
[Site "Manila"]
[Date "2013.01.15"]
[Round "2"]
[White "Castellano, Christopher"]
[Black "Alidani, Leonardo"]
[Result "1-0"]
[WhiteElo "2258"]
[BlackElo "1969"]
[PlyCount "42"]
[EventDate "2013.01.14"]
[EventType "swiss"]
[EventRounds "9"]
[EventCountry "PHI"]
[SourceTitle "CBM 152 Extra"]
[Source "ChessBase"]
[SourceDate "2013.02.25"]
[SourceVersion "1"]
[SourceVersionDate "2013.02.25"]
[SourceQuality "1"]

1. d4 Nf6 2. Nf3 e6 3. g3 c5 4. Bg2 d5 5. 0-0 Nc6 6. c4 cxd4 7. Nxd4 e5 8. Nxc6 bxc6 9. Bg5 Be6 10. Nc3 e4 11. Qa4 Bd7 12. Bxf6 Qxf6 13. cxd5 cxd5 14. Qa5 Qe5 15. Rad1 Be7 16. Rxd5 Qe6 17. Re5 Qc4 18. Rxe4 Qc8 19. Nd5 Be6 20. Nc7+ Kf8 21. Nxa8 Bd8 1-0

[Event "Manila Pichay Cup 6th"]
[Site "Manila"]
[Date "2010.08.25"]
[Round "7"]
[White "Qiu, Tong"]
[Black "Alidani, Leonardo"]
[Result "1-0"]
[WhiteElo "2289"]
[BlackElo "1996"]
[PlyCount "69"]
[EventDate "2010.08.21"]
[EventType "swiss"]
[EventRounds "9"]
[EventCountry "PHI"]
[SourceTitle "CBM 138 Extra"]
[Source "ChessBase"]
[SourceDate "2010.10.29"]
[SourceVersion "1"]
[SourceVersionDate "2010.10.29"]
[SourceQuality "1"]

1. e4 c6 2. d4 d5 3. e5 Bf5 4. Be3 e6 5. c4 Bb4+ 6. Nc3 Ne7 7. Qb3 Bxc3+ 8. bxc3 b6 9. Nf3 Nd7 10. Be2 h6 11. 0-0 g5 12. Nd2 Bg6 13. cxd5 cxd5 14. c4 Rc8 15. Rac1 0-0 16. h4 dxc4 17. Nxc4 Nd5 18. Bd2 Kg7 19. hxg5 hxg5 20. Qg3 Nf4 21. Bxf4 gxf4 22. Qxf4 Rh8 23. Nd6 Rxc1 24. Rxc1 Rh4 25. Rc8 Qxc8 26. Qxh4 Qc1+ 27. Kh2 a5 28. Bb5 Nf8 29. Ne8+ Kg8 30. f4 Qd1 31. Qh6 Qh5+ 32. Qxh5 Bxh5 33. Nf6+ Kg7 34. Nxh5+ Kg6 35. g4 1-0

[Event "Manila Pichay Cup 6th"]
[Site "Manila"]
[Date "2010.08.23"]
[Round "5"]
[White "Alidani, Leonardo"]
[Black "Phadke, Sohan"]
[Result "0-1"]
[WhiteElo "1996"]
[BlackElo "2232"]
[PlyCount "122"]
[EventDate "2010.08.21"]
[EventType "swiss"]
[EventRounds "9"]
[EventCountry "PHI"]
[SourceTitle "CBM 138 Extra"]
[Source "ChessBase"]
[SourceDate "2010.10.29"]
[SourceVersion "1"]
[SourceVersionDate "2010.10.29"]
[SourceQuality "1"]

1. e4 c5 2. Nf3 Nc6 3. d4 cxd4 4. Nxd4 Nf6 5. Nc3 e5 6. Nb3 Bb4 7. Bg5 h6 8. Bxf6 Bxc3+ 9. bxc3 Qxf6 10. Bc4 d6 11. 0-0 0-0 12. Rb1 Be6 13. Bd5 Rfd8 14. Qd2 Rac8 15. c4 b6 16. c3 Ne7 17. a4 Bxd5 18. cxd5 Rc4 19. f3 Rxa4 20. Ra1 Rxa1 21. Rxa1 Rd7 22. Qd3 Rc7 23. Nd2 Nc8 24. Nf1 Qd8 25. Ne3 Rc5 26. c4 Qc7 27. Kf2 b5 28. cxb5 Rc3 29. Qd2 Qc5 30. Re1 g6 31. Kg3 h5 32. h4 Nb6 33. Kh2 Qd4 34. Qe2 Rb3 35. Nc2 Qc5 36. Qd1 Qxb5 37. Ne3 a5 38. Nf1 a4 39. Ng3 Nd7 40. Qc1 Nf8 41. Qg5 Qd7 42. Ra1 Nh7 43. Qc1 Qe7 44. Kh3 Qd7+ 45. Kh2 Qd8 46. Kh3 Qd7+ 47. Kh2 Qb5 48. Qc8+ Nf8 49. Qa8 Rb4 50. Nh1 Qe2 51. Ng3 Qf2 52. Rf1 Qd2 53. Qc6 Rb2 54. Rg1 a3 55. Qc1 Qxc1 56. Rxc1 a2 57. Ra1 Nd7 58. Nf1 Nc5 59. Ne3 Nb3 60. Nc4 Nxa1 61. Nxb2 Nc2 0-1